| 000 | 01265nam a2200253 ar4500 | ||
|---|---|---|---|
| 001 | 3231 | ||
| 005 | 20221127090715.0 | ||
| 008 | 130427s su a 00010|ara d | ||
| 020 | _a9789960546346(غلاف مقوي) | ||
| 082 | 0 | 4 |
_a378.1 _bب535 |
| 100 | 1 | _aبوج، اي. جريدي. | |
| 245 | 1 | 2 |
_aالجودة والمسؤولية في التعليم العالي : _bتحسين السياسة وتطوير الاداء / _cاي. جريدي بوج، كيمبرلي بنجهام هول ؛ ترجمة اسامة اسبر ؛ مراجعة رزق الله ملكاوي. |
| 250 | _aط. 1. | ||
| 260 |
_aالرياض : _bمكتبة العبيكان، _c2012. |
||
| 300 |
_a389 ص. ؛ _c24 سم. |
||
| 440 | 0 |
_aمشروع الترجمة المشترك ؛ _v52. |
|
| 500 | _aترجمة لكتاب: Quality and accountability in higher education / E. Bogue, K. Hall. 2003. | ||
| 504 | _aيتضمن هوامش. | ||
| 650 | 4 |
_aالجامعات والكليات _xتنظيم وادارة. |
|
| 650 | 4 |
_aالتعليم العالي _xمواصفات قياسية. |
|
| 650 | 4 |
_aالجامعات والكليات _xاغراضه واهدافه. |
|
| 700 | 0 |
_aهول، كيمبرلي بنجهام، _eم. مشارك. |
|
| 700 | 0 |
_aملكاوي، رزق الله، _eمترجم. |
|
| 999 |
_c3229 _d3229 |
||